| 000 | 00870nas a2200289 4500 | ||
|---|---|---|---|
| 001 | BR0702643 | ||
| 003 | BR-BrBNA | ||
| 005 | 20231205110819.0 | ||
| 007 | ta | ||
| 008 | 230509b bl.|||p| |||| 00| 00por d | ||
| 040 |
_aBR-BrBNA _bpor _cBiblioteca Nacional de Agricultura |
||
| 041 | _a(Pt) | ||
| 072 | _aJ11 | ||
| 100 | 1 | _aMagalhães, A.M. de | |
| 100 | 1 | _aFerreira, M.D. | |
| 100 | 1 | _aBraunbeck, O.A. | |
| 100 | 1 | _aEstevom, M.V.R. | |
| 245 | 1 | _aSuperfícies protetoras na diminuição de danos mecânicos em tomate de mesa | |
| 650 | _aTOMATE | ||
| 650 | _aDANO MECÂNICO | ||
| 650 | _aQUEDA DOS FRUTOS | ||
| 650 | _aPERDA DURANTE A COLHEITA | ||
| 650 | _aPERDA PÓS-COLHEITA | ||
| 773 | 0 |
_tCiência Rural (Brazil) _xISSN 0105-8478 _g(May-Jun 2007), v. 37(3) p. 878-881 _wBR0702643 |
|
| 909 |
_a202311 _bLúcia _c55 _dLúcia Elande |
||
| 942 |
_2AGRIS _n0 _cANA |
||
| 999 |
_c189199 _d189199 |
||